000 01052nam a2200325 i 4500
003 DO-SdBNP
005 20230810102901.0
006 a||||er|||| 00| 0
007 ta
008 230509t2022 pr ac||e ||| 001 j spa d
020 _a9789945637038
040 _aDO-SdBNP
_bspa
_cBNPHU
_erda
082 4 _aRD863.5
_bS232c
_222
100 1 _aSantana Rivera, Benjamín,
_d1973-
_983794
_eautor
245 1 3 _aLa calma que antecede:
_b(cuentos) /
_cBenjamín Santana Rivera
246 1 0 _aCuentos
264 _aSan Juan, Puerto Rico :
_bIsla Negra,
_c2022
300 _a91 páginas ;
_c21 cm.
336 _2rdaconten
_atexto
_btxt
337 _2rdamedia
_asin medición
_bn
338 _2rdacarrier
_avolumen
_bnc
490 _aEl Rostro y la Máscara
500 _aIncluye datos biográficos del autor en la solapa de la cubierta
590 _aInventariado 2023 / MF
650 4 _aCuentos dominicanos
650 4 _aLiteratura dominicana
700 1 _aSantana Rodríguez, Pau
_983343
910 _aValidado. Control de calidad MFF
942 _2ddc
_cLBS1
999 _c53448
_d53448